00697nam a2200229 i 4500001001100000003000500011005001700016008004100033020001500074040002500089082001600114100002400130245002400154264006200178300005000240336002100290337002500311338002300336490003900359650003000398830003900428C2-0127768PPAK20180727120326.0970921s1994 my a|||| ||||| | may d a9677702157 aPPAKbengcPPAKerda04a899.2332230 aJane S.R., eauthor10aHarmoni Hari Pukaki 1aKuala Lumpur : bPustaka Yakin Pelajar Sdn. Bhd. , c1994 a[30 pages] : bcolour illustrations ; c26 cm 2rdacontentatext 2rdamediaaunmediated 2rdacarrieravolume1 aSiri kisah menarik di hutan Pukaki10aChildren's stories, Malay 0aSiri kisah menarik di hutan Pukaki